Renesancia peňažného družstevníctva? 1
Záujem o zakladanie finančných družstiev na slovenskom kapitálovom trhu. Hlavné výhody inštitúcií peňažného družstevníctva. Výhodné úroky a dostupné úvery. Veľkosť členskej základne. Poistenie a dozor. Princípy a hodnoty zo štatútu eurodružstva.
Na minha lista:
| Autor principal: | |
|---|---|
| Formato: | Capítulo de Livro |
| Idioma: | eslovaco |
| Assuntos: | |
| Tags: |
Sem tags, seja o primeiro a adicionar uma tag!
|
MARC
| LEADER | 00000naa a2200000 4500 | ||
|---|---|---|---|
| 001 | r020368 | ||
| 005 | 20230801103409.3 | ||
| 041 | 0 | |a slo | |
| 044 | |a SK | ||
| 245 | 1 | 0 | |a Renesancia peňažného družstevníctva? 1 |c Soňa Vágnerová |
| 520 | |a Záujem o zakladanie finančných družstiev na slovenskom kapitálovom trhu. Hlavné výhody inštitúcií peňažného družstevníctva. Výhodné úroky a dostupné úvery. Veľkosť členskej základne. Poistenie a dozor. Princípy a hodnoty zo štatútu eurodružstva. | ||
| 610 | 2 | 0 | |a Slovensko |
| 610 | 2 | 0 | |a družstvá úverové |
| 610 | 2 | 0 | |a družstevníctvo |
| 610 | 2 | 0 | |a úver |
| 100 | 1 | |a Vágnerová, Soňa | |